000 00587cam a2200181 4500500
005 20260329004121.0
041 _afre
042 _adc
100 1 0 _aPortevin, Catherine
_eauthor
700 1 0 _aPortevin, Catherine
_eauthor
245 0 0 _aLa Poétique de l’eau. Pour une nouvelle écologie
260 _c2018.
500 _a10
690 _aEau
690 _aJean-Philippe Pierron
786 0 _nPhilosophie magazine | 121 | 8 | 2018-07-01 | p. 50-51 | 1951-1787
856 4 1 _uhttps://shs.cairn.info/magazine-philosophie-magazine-2018-8-page-50?lang=fr&redirect-ssocas=7080
999 _c1830839
_d1830839